[Event "RUS-chT Premier 2019"]
[Site "Sochi"]
[Date "2019.05.09"]
[Round "8.18"]
[White "Sychev, Klementy"]
[Black "Ivanov, Sergey"]
[Result "0-1"]
[WhiteElo "2574"]
[BlackElo "2504"]
[Annotator "ChessBase"]
[PlyCount "46"]
[EventDate "2019.05.01"]
[EventType "team-tourn"]
[EventCountry "RUS"]
[SourceTitle "playchess.com"]
[Source "ChessBase"]
[SourceQuality "1"]
[TimeControl "40/5400+30:1800+30"]

1. e4 {[%emt 0:00:00]} e6 {[%emt 0:00:00]} 2. d4 {[%emt 0:00:00]} d5 {[%emt 0:00:00]} 3. Nc3 {[%emt 0:00:00]} Bb4 {[%emt 0:00:00]} 4. e5 {[%emt 0:00:00]} Ne7 {[%emt 0:00:14]} 5. a3 {[%emt 0:00:00]} Bxc3+ {[%emt 0:00:06]} 6. bxc3 {[%emt 0:00:00]} c5 {[%emt 0:00:09]} 7. Qg4 {[%emt 0:00:00]} O-O {[%emt 0:00:14]} 8. Bd3 {[%emt 0:00:00]} f5 {[%emt 0:00:29]} 9. exf6 {[%emt 0:00:38]} Rxf6 {[%emt 0:00:06]} 10. Qh5 {[%emt 0:01:01]} h6 {[%emt 0:00:32]} 11. g4 {[%emt 0:18:23]} c4 {[%emt 0:01:30]} 12. g5 {[%emt 0:00:06]} g6 {[%emt 0:02:18]} 13. Qd1 {[%emt 0:00:53]} Rf7 {[%emt 0:02:08]} 14. Bxg6 {[%emt 0:01:16]} Nxg6 {[%emt 0:00:37]} 15. Qh5 {[%emt 0:00:03]} Ne7 {[%emt 0:07:58]} 16. Nf3 {[%emt 0:08:45]} Nbc6 {[%emt 0:05:50]} 17. g6 {[%emt 0:16:28]} Rxf3 {[%emt 0:29:51]} 18. Qxf3 {[%emt 0:01:14]} Nf5 {[%emt 0:01:32]} 19. g7 {[%emt 0:03:29]} e5 {[%emt 0:04:50]} 20. Qh5 {[%emt 0:06:47]} Bd7 {[%emt 0:05:36]} 21. dxe5 {[%emt 0:02:23]} Nxe5 {[%emt 0:00:44]} 22. Bf4 {[%emt 0:00:41]} Qf6 {[%emt 0:03:36]} 23. O-O-O {[%emt 0:01:17]} Nd3+ {[%emt 0:02:24]} 0-1

[Event "RUS-chT Premier 2019"]
[Site "Sochi"]
[Date "2019.05.09"]
[Round "8.19"]
[White "Dreev, Aleksey"]
[Black "Bocharov, Ivan"]
[Result "1/2-1/2"]
[WhiteElo "2662"]
[BlackElo "2568"]
[Annotator "TA"]
[PlyCount "83"]
[EventDate "2019.05.01"]
[EventType "team-tourn"]
[EventCountry "RUS"]
[SourceTitle "playchess.com"]
[Source "ChessBase"]
[SourceQuality "1"]

{[%evp 12,83,13,0,22,0,4,0,23,14,23,12,22,13,13,8,4,0,2,-15,-15,-15,-6,-13,-9,-4,0,0,0,0,0,0,0,0,0,0,0,0,32,32,32,32,32,31,32,32,32,30,27,27,28,27,28,27,28,28,35,20,50,12,19,12,16,12,12,12,12,0,0,0,0,0,0,0]} 1. d4 Nf6 2. Nf3 e6 3. c4 b6 4. a3 Bb7 5. Nc3 d5 6. cxd5 Nxd5 7. Bd2 Nf6 {E12: Queen's Indian: Unusual White 4th moves, 4 a3, 4 Nc3 Bb7 5 a3 and 4 Nc3 Bb7} (7... Nd7 8. Qc2 c5 9. e4 Nxc3 10. Bxc3 cxd4 11. Nxd4 Be7 12. Rd1 a6 13. Bc4 Qc8 14. Ba2 Nc5 15. f3 O-O 16. O-O Rd8 17. b4 {0-1 (51) Vovk,Y (2596)-Navara,D (2737) Slovakia 2017}) 8. Bg5 Be7 9. Qa4+ Nfd7 10. Bf4 O-O 11. Rd1 Nf6 12. Qc2 Qc8 $146 ({Predecessor:} 12... Nd5 13. Nxd5 Qxd5 14. e3 Bd6 15. Bd3 Bxf4 16. exf4 g6 17. h4 {½-½ (65) Knittel,M (2127)-Lahti,O (1527) LSS email 2014}) 13. e4 c5 14. d5 exd5 15. exd5 Rd8 {[%cal Rf6d5]} 16. Bd3 g6 $1 17. O-O {Black must now prevent Bg5.} Nxd5 18. Bh6 Nc6 (18... Nc7 {feels hotter.} 19. Bc4 Nc6 20. Qe4 Qf5 21. Ng5 Bxg5 22. Qxf5 gxf5 23. Bxg5 Rd4) 19. Nxd5 Rxd5 20. Bxg6 $1 hxg6 21. Rxd5 {[#] aiming for Re1.} Nd4 $1 {[%cal Rd4c2]} 22. Rxd4 $1 cxd4 23. Qxc8+ Rxc8 24. Nxd4 Bf6 25. Be3 Rd8 26. Rd1 a5 27. Rd2 a4 28. f3 Be5 29. Kf2 f5 {[#] And now ...f4 would win.} 30. g3 Bf6 31. b4 axb3 32. Nxb3 Rxd2+ 33. Nxd2 $11 {[%mdl 4096] Endgame KBB-KBN} b5 34. Bc5 Bc3 35. Nf1 Kf7 {The position is equal.} 36. Ne3 Ke6 37. Ke2 Bf6 38. f4 Be4 39. h3 Bg7 40. Kd2 Bf6 41. Ke2 Bg7 42. Kd2 {Accuracy: White = 59%, Black = 72%.} 1/2-1/2

[Event "RUS-chT Premier 2019"]
[Site "Sochi"]
[Date "2019.05.09"]
[Round "8.20"]
[White "Khanin, Semen"]
[Black "Zvjaginsev, Vadim"]
[Result "0-1"]
[WhiteElo "2524"]
[BlackElo "2635"]
[Annotator "RC"]
[PlyCount "104"]
[EventDate "2019.05.01"]
[EventType "team-tourn"]
[EventCountry "RUS"]
[SourceTitle "playchess.com"]
[Source "ChessBase"]
[SourceQuality "1"]
[TimeControl "40/5400+30:1800+30"]

1. e4 {[%emt 0:00:00]} d6 {[%emt 0:00:00]} 2. d4 {[%emt 0:00:00]} Nf6 {[%emt 0:00:00]} 3. Nc3 {[%emt 0:00:00]} g6 {[%emt 0:00:00]} 4. f4 {[%emt 0:00:00]} Bg7 {[%emt 0:00:00]} 5. Nf3 {[%emt 0:00:00]} O-O {[%emt 0:00:19]} 6. Bd3 {[%emt 0:00:02]} Na6 {[%emt 0:00:49]} 7. O-O {[%emt 0:00:15]} c5 {[%emt 0:00:04]} 8. d5 {[%emt 0:00:04]} Bg4 {[%emt 0:00:05]} 9. Bc4 {[%emt 0:00:38]} Nc7 {[%emt 0:00:12]} 10. h3 {[%emt 0:00:35]} Bxf3 {[%emt 0:00:05]} 11. Qxf3 {[%emt 0:00:03]} a6 {[%emt 0:00:05]} 12. a4 {[%emt 0:00:04]} b6 {[%emt 0:00:03]} 13. Qd3 {[%emt 0:04:28]} Qc8 {[%emt 0:01:31]} 14. f5 {[%emt 0:00:07]} Nd7 {[%emt 0:01:06]} 15. Qg3 {[%emt 0:00:04]} Ne8 {[%emt 0:01:14]} 16. Bg5 {[%emt 0:07:09]} Bf6 {[%emt 0:03:28]} 17. h4 {[%emt 0:05:15]} Ng7 {[%emt 0:08:46]} 18. Bxf6 {[%emt 0:09:13]} Nh5 {[%emt 0:03:23]} 19. Qh3 {[%emt 0:18:13]} Nhxf6 {[%emt 0:02:25]} 20. g4 {[%emt 0:02:02]} Ne5 {[%emt 0:04:43]} 21. Be2 {[%emt 0:00:11]} h6 {[%emt 0:06:53]} 22. g5 {[%emt 0:04:46]} Nh7 {[%emt 0:00:10]} 23. Qg3 {[%emt 0:16:02]} Kh8 {[%emt 0:12:22]} 24. fxg6 {[%emt 0:04:23]} fxg6 {[%emt 0:00:20]} 25. gxh6 {[%emt 0:01:31]} Rg8 {[%emt 0:01:36]} 26. Kh2 {[%emt 0:01:49]} Nf6 {[%emt 0:04:26]} 27. Rg1 {[%emt 0:07:43]} Qf8 {[%emt 0:01:38]} 28. Qg5 {[%emt 0:01:20]} Kh7 {[%emt 0:01:27]} 29. b3 {[%emt 0:03:32]} Nf7 {[%emt 0:07:05]} 30. Qf4 {[%emt 0:02:00]} Qxh6 {[%emt 0:01:06]} 31. Qxh6+ {[%emt 0:00:05]} Kxh6 {[%emt 0:00:12]} 32. Rg3 {[%emt 0:00:32]} Ne5 {[%emt 0:03:10]} 33. Rf1 {[%emt 0:02:36]} Rgf8 {[%emt 0:03:21]} 34. Rgg1 {[%emt 0:03:44]} a5 {[%emt 0:07:28]} 35. Rf4 {[%emt 0:05:05]} Nh5 {[%emt 0:02:21]} 36. Rff1 {[%emt 0:02:11]} Nf6 {[%emt 0:02:25]} 37. Rf4 {[%emt 0:00:16]} Rac8 {[%emt 0:01:35]} 38. Ba6 {[%emt 0:01:05]} Nh5 {[%emt 0:01:25]} 39. Rxf8 {[%emt 0:00:19]} Rxf8 {[%emt 0:00:07]} 40. Rf1 {[%emt 0:00:00]} Nf3+ {[%emt 0:00:00]} 41. Kh3 {[%emt 0:01:24]} Rf4 {[%emt 0:07:04]} 42. Be2 {[%emt 0:03:04]} Rxh4+ {[%emt 0:05:44]} 43. Kg2 {[%emt 0:00:17]} Nd2 {[%emt 0:01:58]} 44. Re1 {[%emt 0:04:42]} Nf4+ {[%emt 0:00:59]} 45. Kg3 {[%emt 0:01:12]} Kg5 {[%emt 0:00:55]} 46. Kf2 {[%emt 0:00:42]} Rh3 {[%emt 0:01:42]} 47. Rg1+ {[%emt 0:00:39]} Kf6 {[%emt 0:01:49]} 48. Ke1 {[%emt 0:00:16]} Nxb3 {[%emt 0:03:15]} 49. e5+ {[%emt 0:00:19]} Kxe5 {[%emt 0:00:54]} 50. Rg5+ {[%emt 0:00:12]} Kd4 {[%emt 0:00:43]} 51. Nb5+ {[%emt 0:00:06]} Ke3 {[%emt 0:00:39]} 52. Bf1 {[%emt 0:00:28]} Nd2 {[%emt 0:00:31]} 0-1

[Event "RUS-chT Premier 2019"]
[Site "Sochi"]
[Date "2019.05.09"]
[Round "8.21"]
[White "Kobalia, Mikhail"]
[Black "Tsydypov, Zhamsaran"]
[Result "1/2-1/2"]
[WhiteElo "2610"]
[BlackElo "2546"]
[Annotator "RC"]
[PlyCount "118"]
[EventDate "2019.05.01"]
[EventType "team-tourn"]
[EventCountry "RUS"]
[SourceTitle "playchess.com"]
[Source "ChessBase"]
[SourceQuality "1"]
[TimeControl "40/5400+30:1800+30"]

1. e4 {[%emt 0:00:00]} c5 {[%emt 0:00:14]} 2. Nf3 {[%emt 0:00:00]} Nc6 {[%emt 0:01:03]} 3. Bb5 {[%emt 0:00:03]} g6 {[%emt 0:00:26]} 4. Bxc6 {[%emt 0:00:19]} dxc6 {[%emt 0:00:32]} 5. d3 {[%emt 0:00:17]} Bg7 {[%emt 0:00:22]} 6. O-O {[%emt 0:00:13]} Nf6 {[%emt 0:00:25]} 7. Re1 {[%emt 0:00:41]} Nd7 {[%emt 0:06:38]} 8. a4 {[%emt 0:06:10]} Nf8 {[%emt 0:04:02]} 9. Nbd2 {[%emt 0:05:10]} e5 {[%emt 0:03:02]} 10. h3 {[%emt 0:01:35]} Ne6 {[%emt 0:04:12]} 11. Nc4 {[%emt 0:02:47]} Qc7 {[%emt 0:00:50]} 12. c3 {[%emt 0:02:35]} b6 {[%emt 0:02:30]} 13. b4 {[%emt 0:05:15]} cxb4 {[%emt 0:13:25]} 14. cxb4 {[%emt 0:00:04]} O-O {[%emt 0:00:33]} 15. Qc2 {[%emt 0:15:32]} Ba6 {[%emt 0:03:13]} 16. Bb2 {[%emt 0:12:26]} Bxc4 {[%emt 0:02:34]} 17. Qxc4 {[%emt 0:03:19]} Rfd8 {[%emt 0:01:59]} 18. Red1 {[%emt 0:00:27]} Rac8 {[%emt 0:02:06]} 19. Rac1 {[%emt 0:09:03]} Qd6 {[%emt 0:01:27]} 20. g3 {[%emt 0:02:14]} c5 {[%emt 0:01:24]} 21. bxc5 {[%emt 0:10:51]} Rxc5 {[%emt 0:01:05]} 22. Qa2 {[%emt 0:00:22]} Rxc1 {[%emt 0:04:58]} 23. Bxc1 {[%emt 0:00:29]} Nc5 {[%emt 0:01:02]} 24. Bg5 {[%emt 0:08:54]} Rc8 {[%emt 0:04:16]} 25. Qa1 {[%emt 0:02:28]} Qd7 {[%emt 0:03:02]} 26. Be3 {[%emt 0:01:31]} Qxh3 {[%emt 0:01:34]} 27. Qa3 {[%emt 0:02:24]} Bf6 {[%emt 0:14:33]} 28. Rc1 {[%emt 0:01:32]} Nb7 {[%emt 0:00:51]} 29. Bg5 {[%emt 0:01:54]} Bxg5 {[%emt 0:01:34]} 30. Nxg5 {[%emt 0:00:00]} Rxc1+ {[%emt 0:00:13]} 31. Qxc1 {[%emt 0:00:02]} Qd7 {[%emt 0:00:06]} 32. Nf3 {[%emt 0:00:45]} f6 {[%emt 0:03:13]} 33. Qc4+ {[%emt 0:00:27]} Kg7 {[%emt 0:00:10]} 34. d4 {[%emt 0:00:07]} exd4 {[%emt 0:01:13]} 35. Nxd4 {[%emt 0:00:03]} Nc5 {[%emt 0:00:07]} 36. a5 {[%emt 0:01:07]} Qg4 {[%emt 0:01:51]} 37. Qd5 {[%emt 0:03:16]} Qxe4 {[%emt 0:01:00]} 38. Qd8 {[%emt 0:00:31]} Qb7 {[%emt 0:02:20]} 39. axb6 {[%emt 0:03:07]} axb6 {[%emt 0:00:06]} 40. Nb5 {[%emt 0:00:00]} Ne6 {[%emt 0:00:00]} 41. Qd6 {[%emt 0:02:45]} Kf7 {[%emt 0:15:04]} 42. Qa3 {[%emt 0:00:37]} Qd7 {[%emt 0:00:46]} 43. Qa6 {[%emt 0:04:28]} Nd4 {[%emt 0:03:41]} 44. Nxd4 {[%emt 0:02:18]} Qxd4 {[%emt 0:00:11]} 45. Qb7+ {[%emt 0:00:08]} Kg8 {[%emt 0:02:16]} 46. Qa8+ {[%emt 0:03:10]} Kg7 {[%emt 0:00:41]} 47. Qb7+ {[%emt 0:00:01]} Kh6 {[%emt 0:00:33]} 48. Qh1+ {[%emt 0:00:02]} Kg5 {[%emt 0:02:43]} 49. Qxh7 {[%emt 0:00:02]} b5 {[%emt 0:01:16]} 50. Qh3 {[%emt 0:02:20]} Qg4 {[%emt 0:02:31]} 51. Qg2 {[%emt 0:01:49]} Qd1+ {[%emt 0:01:34]} 52. Kh2 {[%emt 0:00:02]} Qd4 {[%emt 0:02:30]} 53. f4+ {[%emt 0:03:15]} Kh6 {[%emt 0:00:17]} 54. Qa8 {[%emt 0:00:12]} f5 {[%emt 0:03:07]} 55. Kh3 {[%emt 0:01:58]} Qf6 {[%emt 0:00:47]} 56. Qb8 {[%emt 0:00:45]} Qb2 {[%emt 0:02:15]} 57. Qd8 {[%emt 0:01:52]} Kg7 {[%emt 0:02:19]} 58. Qe7+ {[%emt 0:00:49]} Kh6 {[%emt 0:00:10]} 59. Qh4+ {[%emt 0:00:09]} Kg7 {[%emt 0:00:03]} 1/2-1/2

[Event "RUS-chT Premier 2019"]
[Site "Sochi"]
[Date "2019.05.09"]
[Round "8.22"]
[White "Bocharov, Dmitry"]
[Black "Grachev, Boris"]
[Result "0-1"]
[WhiteElo "2530"]
[BlackElo "2615"]
[Annotator "TA"]
[PlyCount "100"]
[EventDate "2019.05.01"]
[EventType "team-tourn"]
[EventCountry "RUS"]
[SourceTitle "playchess.com"]
[Source "ChessBase"]
[SourceQuality "1"]

{[%evp 19,146,21,29,22,23,18,29,10,37,20,23,21,36,29,41,53,52,0,0,0,0,-20,-5,-20,0,-21,-14,-33,-25,-27,-33,-37,-43,-58,-52,-54,-44,-48,-66,-64,-47,-54,-21,-97,-97,-103,-96,-96,-96,-96,-96,-96,-96,-96,-96,-99,0,0,0,-99,-106,-226,-87,-110,0,-207,-181,-210,-164,-151,-147,-147,-129,-132,0,-160,0,-131,-104,-104,-104,-104,0,-104,-104,-55,-56,-122,-122,-233,-233,-368,-339,-235,-226,-341,-312,-1814,-1800,-1753,-1588,-29976,-1545,-1538,-485,-471,-482,-1406,0,-166,0,-1565,-1535,-1515,0,-1412,-1408,-1388,-1347,-1318,-1302,-1187,-1118,-1257,-1094,-29981,-29982,-29981,-29982]} 1. e4 e5 2. Nf3 Nc6 3. Bb5 a6 4. Ba4 Nf6 5. O-O Nxe4 6. d4 b5 7. Bb3 d5 8. dxe5 Be6 9. Be3 Be7 10. c3 Qd7 11. Nbd2 {C83: Open Ruy Lopez: 9 c3 Be7} Nxd2 (11... O-O 12. Nd4 Nxd2 13. Qxd2 Nxe5 14. f4 Nc4 15. Bxc4 dxc4 16. f5 Bd5 17. Rad1 Be4 18. Bh6 gxh6 19. Qxh6 Kh8 {0-1 (28) Bosiocic,M (2607)-Ivanchuk,V (2727) Mali Losinj 2017}) 12. Qxd2 Na5 13. Bg5 {White has an edge.} c5 14. Bxe7 Qxe7 15. Bc2 Nc4 {[%mdl 64] [#] Double Attack} 16. Qc1 $1 h6 17. b3 Nb6 $146 ({Predecessor:} 17... Na5 18. a4 b4 19. cxb4 cxb4 {½-½ (62) Palmateer,C (2219)-Lam,D (1947) ICCF email 2014}) 18. a4 (18. Re1 $14) 18... bxa4 $11 19. bxa4 O-O 20. Re1 Rfd8 21. h3 Nc4 22. Bd3 Rab8 23. Rb1 Qd7 24. Rxb8 Rxb8 25. Bxc4 dxc4 26. Qa3 Qd5 27. Kh2 Bf5 28. Qc1 Rb1 29. Qe3 Rxe1 30. Qxe1 a5 31. Qe3 (31. Qd2 $1 $11 {keeps the balance.} Qd3 32. Kg3) 31... Bd7 $17 32. Qc1 Bxa4 {aiming for ...Bc6.} 33. Qa3 Bd1 {Hoping for ...a4.} 34. Qxa5 Bxf3 35. gxf3 Qxe5+ {[%mdl 4096] Endgame KQ-KQ} 36. Kg2 Qg5+ 37. Kh2 Qf4+ (37... Kh7 $17 38. Qa3 h5) 38. Kg2 $11 Qg5+ (38... Qf5 $11) 39. Kh2 $1 $17 Kh7 40. Qc7 (40. Qa3 $17) 40... Qf5 (40... Qf6 $19 {is more deadly.} 41. Qxc5 Qxf3) 41. Kg2 Qg5+ (41... Qg6+ $17 42. Qg3 h5) 42. Kh2 $19 Qf6 43. Qxc5 Qxf3 44. Qxc4 Qxf2+ 45. Kh1 Qf3+ 46. Kh2 Qf2+ 47. Kh1 Qf3+ 48. Kh2 f5 49. Qe6 Qf2+ 50. Kh1 h5 {Played: Qf2-f3} 0-1

[Event "RUS-chT Premier 2019"]
[Site "Sochi"]
[Date "2019.05.09"]
[Round "8.23"]
[White "Popov, Ivan"]
[Black "Kezin, Roman"]
[Result "1-0"]
[WhiteElo "2600"]
[BlackElo "2468"]
[Annotator "ChessBase"]
[PlyCount "71"]
[EventDate "2019.05.01"]
[EventType "team-tourn"]
[EventCountry "RUS"]
[SourceTitle "playchess.com"]
[Source "ChessBase"]
[SourceQuality "1"]
[TimeControl "40/5400+30:1800+30"]

1. e4 {[%emt 0:00:00]} c5 {[%emt 0:00:00]} 2. Nf3 {[%emt 0:00:00]} e6 {[%emt 0:00:00]} 3. d4 {[%emt 0:00:00]} cxd4 {[%emt 0:00:00]} 4. Nxd4 {[%emt 0:00:05]} Nc6 {[%emt 0:00:00]} 5. Nc3 {[%emt 0:00:18]} Qc7 {[%emt 0:00:00]} 6. a3 {[%emt 0:00:15]} a6 {[%emt 0:00:10]} 7. Be3 {[%emt 0:00:15]} b5 {[%emt 0:01:11]} 8. Nxc6 {[%emt 0:00:11]} Qxc6 {[%emt 0:00:44]} 9. Be2 {[%emt 0:00:13]} Bb7 {[%emt 0:01:49]} 10. O-O {[%emt 0:00:23]} Rc8 {[%emt 0:07:33]} 11. Qd3 {[%emt 0:00:33]} Nf6 {[%emt 0:07:50]} 12. Rfd1 {[%emt 0:00:21]} Be7 {[%emt 0:00:21]} 13. Bf3 {[%emt 0:01:18]} e5 {[%emt 0:24:36]} 14. Bg5 {[%emt 0:03:47]} Ng8 {[%emt 0:06:09]} 15. Bxe7 {[%emt 0:25:03]} Nxe7 {[%emt 0:00:11]} 16. a4 {[%emt 0:00:28]} b4 {[%emt 0:05:32]} 17. Na2 {[%emt 0:00:56]} a5 {[%emt 0:04:03]} 18. c3 {[%emt 0:02:07]} f5 {[%emt 0:14:37]} 19. exf5 {[%emt 0:05:47]} e4 {[%emt 0:12:03]} 20. Bh5+ {[%emt 0:00:51]} g6 {[%emt 0:01:05]} 21. Qd4 {[%emt 0:00:31]} O-O {[%emt 0:00:07]} 22. fxg6 {[%emt 0:04:26]} hxg6 {[%emt 0:00:34]} 23. Bg4 {[%emt 0:09:12]} Nf5 {[%emt 0:00:40]} 24. Qxd7 {[%emt 0:15:22]} e3 {[%emt 0:05:33]} 25. Qxc6 {[%emt 0:00:26]} exf2+ {[%emt 0:00:06]} 26. Kxf2 {[%emt 0:00:09]} Bxc6 {[%emt 0:00:57]} 27. Kg1 {[%emt 0:00:18]} Rce8 {[%emt 0:04:11]} 28. cxb4 {[%emt 0:05:11]} Ne3 {[%emt 0:00:40]} 29. Rd6 {[%emt 0:00:09]} Bxg2 {[%emt 0:00:44]} 30. Re1 {[%emt 0:04:23]} Re4 {[%emt 0:01:57]} 31. Be6+ {[%emt 0:04:41]} Kh8 {[%emt 0:00:00]} 32. Nc3 {[%emt 0:00:30]} Re5 {[%emt 0:00:30]} 33. Nd1 {[%emt 0:00:27]} Bf3 {[%emt 0:02:02]} 34. Nxe3 {[%emt 0:00:33]} Rf6 {[%emt 0:00:31]} 35. Ng2 {[%emt 0:02:33]} Rg5 {[%emt 0:00:29]} 36. Rd8+ {[%emt 0:00:49]} 1-0

[Event "RUS-chT Premier 2019"]
[Site "Sochi"]
[Date "2019.05.09"]
[Round "8.24"]
[White "Murzin, Volodar"]
[Black "Gordievsky, Dmitry"]
[Result "0-1"]
[WhiteElo "2407"]
[BlackElo "2585"]
[Annotator "ChessBase"]
[PlyCount "108"]
[EventDate "2019.05.01"]
[EventType "team-tourn"]
[EventCountry "RUS"]
[SourceTitle "playchess.com"]
[Source "ChessBase"]
[SourceQuality "1"]
[TimeControl "40/5400+30:1800+30"]

1. e4 {[%emt 0:00:00]} c5 {[%emt 0:00:00]} 2. Nf3 {[%emt 0:00:00]} e6 {[%emt 0:00:00]} 3. g3 {[%emt 0:00:00]} Nc6 {[%emt 0:00:38]} 4. Bg2 {[%emt 0:00:07]} Nf6 {[%emt 0:00:19]} 5. Qe2 {[%emt 0:00:48]} e5 {[%emt 0:01:20]} 6. O-O {[%emt 0:00:27]} Be7 {[%emt 0:00:40]} 7. d3 {[%emt 0:01:59]} h6 {[%emt 0:03:20]} 8. c3 {[%emt 0:00:59]} O-O {[%emt 0:05:03]} 9. Na3 {[%emt 0:00:36]} Re8 {[%emt 0:02:55]} 10. Nc4 {[%emt 0:04:24]} Bf8 {[%emt 0:01:24]} 11. Bd2 {[%emt 0:09:03]} d6 {[%emt 0:23:29]} 12. Ne3 {[%emt 0:02:31]} d5 {[%emt 0:06:44]} 13. Nh4 {[%emt 0:12:19]} Be6 {[%emt 0:00:23]} 14. Rfd1 {[%emt 0:04:33]} d4 {[%emt 0:07:56]} 15. Nf1 {[%emt 0:03:55]} g6 {[%emt 0:07:50]} 16. c4 {[%emt 0:03:12]} Nd7 {[%emt 0:03:53]} 17. h3 {[%emt 0:02:41]} Rb8 {[%emt 0:02:13]} 18. a4 {[%emt 0:03:24]} Kh7 {[%emt 0:00:25]} 19. Nh2 {[%emt 0:03:28]} Be7 {[%emt 0:01:03]} 20. N4f3 {[%emt 0:01:25]} Rg8 {[%emt 0:02:08]} 21. Ne1 {[%emt 0:08:29]} Qf8 {[%emt 0:06:17]} 22. f4 {[%emt 0:02:48]} exf4 {[%emt 0:00:04]} 23. Bxf4 {[%emt 0:01:26]} Bd6 {[%emt 0:01:40]} 24. Nef3 {[%emt 0:05:45]} g5 {[%emt 0:00:27]} 25. Bxd6 {[%emt 0:02:00]} Qxd6 {[%emt 0:00:02]} 26. g4 {[%emt 0:04:35]} f6 {[%emt 0:01:07]} 27. Rf1 {[%emt 0:01:29]} Rbf8 {[%emt 0:00:34]} 28. Rf2 {[%emt 0:04:04]} Nde5 {[%emt 0:01:31]} 29. Nxe5 {[%emt 0:00:16]} fxe5 {[%emt 0:01:20]} 30. Nf1 {[%emt 0:01:32]} Rxf2 {[%emt 0:00:41]} 31. Qxf2 {[%emt 0:00:47]} Ne7 {[%emt 0:03:11]} 32. Ng3 {[%emt 0:00:34]} Ng6 {[%emt 0:00:09]} 33. Nf5 {[%emt 0:00:49]} Qd7 {[%emt 0:04:22]} 34. Qd2 {[%emt 0:03:48]} Nf4 {[%emt 0:00:26]} 35. Bf1 {[%emt 0:00:39]} h5 {[%emt 0:00:47]} 36. b4 {[%emt 0:00:56]} Rh8 {[%emt 0:04:07]} 37. bxc5 {[%emt 0:00:51]} Kg6 {[%emt 0:02:45]} 38. Ra2 {[%emt 0:01:33]} Kf6 {[%emt 0:00:53]} 39. Qf2 {[%emt 0:07:05]} hxg4 {[%emt 0:03:09]} 40. hxg4 {[%emt 0:00:00]} Bxf5 {[%emt 0:00:00]} 41. gxf5 {[%emt 0:02:04]} Nh3+ {[%emt 0:12:54]} 42. Bxh3 {[%emt 0:00:13]} Rxh3 {[%emt 0:00:02]} 43. Qg2 {[%emt 0:03:04]} Qh7 {[%emt 0:00:09]} 44. Rf2 {[%emt 0:00:33]} Qh5 {[%emt 0:05:49]} 45. a5 {[%emt 0:00:41]} a6 {[%emt 0:00:44]} 46. Rb2 {[%emt 0:00:14]} Qh4 {[%emt 0:03:51]} 47. Rb6+ {[%emt 0:00:18]} Ke7 {[%emt 0:00:44]} 48. Rxb7+ {[%emt 0:00:55]} Kd8 {[%emt 0:00:13]} 49. c6 {[%emt 0:02:01]} Qe1+ {[%emt 0:00:26]} 50. Qf1 {[%emt 0:00:05]} Rh1+ {[%emt 0:02:27]} 51. Kxh1 {[%emt 0:00:05]} Qxf1+ {[%emt 0:00:03]} 52. Kh2 {[%emt 0:00:01]} Qf2+ {[%emt 0:00:06]} 53. Kh3 {[%emt 0:00:09]} Qf3+ {[%emt 0:00:03]} 54. Kh2 {[%emt 0:00:04]} g4 {[%emt 0:00:10]} 0-1

[Event "RUS-chT Premier 2019"]
[Site "Sochi"]
[Date "2019.05.09"]
[Round "8.25"]
[White "Iljiushenok, Ilia"]
[Black "Artemiev, Vladislav"]
[Result "0-1"]
[WhiteElo "2534"]
[BlackElo "2754"]
[Annotator "TA"]
[PlyCount "76"]
[EventDate "2019.05.01"]
[EventType "team-tourn"]
[EventCountry "RUS"]
[SourceTitle "playchess.com"]
[Source "ChessBase"]
[SourceQuality "1"]

{[%evp 12,76,31,29,32,32,29,22,50,31,33,30,95,91,81,75,92,71,83,82,89,71,89,52,70,51,43,22,20,8,14,-19,-26,-19,-15,-17,0,0,0,0,0,0,0,0,35,-103,-105,-95,-99,-93,-98,-177,-179,-180,-185,-364,-370,-535,-514,-867,-856,-868,-793,-1017,-963,-3191,-2873]} 1. e4 c6 2. d4 d5 3. e5 Bf5 4. Nf3 e6 5. Be2 Nd7 6. O-O h6 7. Nbd2 Ne7 {B12: Caro-Kann: Advance Variation} 8. Nb3 (8. c3 g5 9. Ne1 c5 10. Nc2 Nc6 11. Nb3 c4 12. Nd2 Bg6 13. Bh5 Bd3 14. Re1 Bg7 {0-1 (60) Vachier Lagrave,M (2779)-Nakamura,H (2777) chess.com INT 2018}) 8... Nc8 9. a4 a5 {The position is equal.} 10. Bd2 Be7 11. Ne1 O-O {[#]} (11... c5 $11) 12. Bd3 $1 $16 Bh7 13. Qg4 {Black must now prevent Bxh6.} Kh8 14. Bxh7 Kxh7 15. Nd3 b6 16. f4 $146 {aiming for f5.} ({Predecessor:} 16. Rae1) 16... f5 17. exf6 (17. Qf3 {keeps more tension.} Qe8 18. Rfc1 Na7 19. Be3 g5 20. c4) 17... Rxf6 18. Ne5 c5 19. dxc5 Bxc5+ 20. Nxc5 bxc5 21. c4 Nxe5 22. fxe5 Rg6 23. Qe2 dxc4 24. Rad1 Qd4+ 25. Kh1 $1 Qg4 $36 {[%mdl 2048] Black has some pressure.} 26. Rf3 $1 c3 27. Bxc3 Qxa4 28. Rg3 (28. Rd8 $1 $14 Nb6 29. b3) 28... Rxg3 $17 29. hxg3 {Threatens to win with Rd8.} Ne7 30. Kh2 {With the idea Rd6.} Nd5 31. Bd2 (31. Be1 $17 {was necessary.}) 31... Qc2 $19 32. Rc1 Qxb2 33. Qe4+ $2 {[#]} (33. Rxc5 Kh8 34. Rc6) 33... Kh8 $1 34. Bxh6 (34. Rc2 $142 Qb1 35. Qg6) 34... gxh6 {Black is clearly winning.} 35. Rb1 (35. Rxc5 $142 Qf2 36. Rc4) 35... Qf2 36. Rb7 Qf5 37. Qh4 h5 38. Qa4 Ne3 {Accuracy: White = 43%, Black = 59%.} 0-1